| 000 | 00535nam a2200169 i 4500 | ||
|---|---|---|---|
| 001 | 79534 | ||
| 003 | ES-MaACL | ||
| 005 | 20250801063027.0 | ||
| 007 | t| | ||
| 008 | 041021s1978 sp ||||1| spa d | ||
| 100 | 1 |
_aHernández Sánchez-Barba, Mario, _d1925-2021 _963053 |
|
| 245 | 1 | 0 |
_aHistoria y Literatura en Hispanoamérica _b: (1492-1820) / _cMario Hernández Sánchez-Barba. |
| 260 |
_a[Madrid] : _bCastalia, _c[1978] |
||
| 300 |
_a349 p. ; _c19 cm. |
||
| 852 |
_aES-MaACL _jA-8944 _bR.98045 |
||
| 999 |
_c79534 _d79534 |
||